Vijay Mukhis Clipper 5.01/87 test (Record no. 31175)
[ view plain ]
| 000 -LEADER | |
|---|---|
| fixed length control field | 00336nam a2200145Ia 4500 |
| 082 ## - DEWEY DECIMAL CLASSIFICATION NUMBER | |
| Classification number | 5.1 |
| 100 ## - MAIN ENTRY--PERSONAL NAME | |
| Personal name | Joshi/ D./ Sharma/ R. |
| 245 ## - TITLE STATEMENT | |
| Title | Vijay Mukhis Clipper 5.01/87 test |
| 260 ## - PUBLICATION, DISTRIBUTION, ETC. | |
| Name of publisher, distributor, etc. | BPB Pub |
| Place of publication, distribution, etc. | New Delhi |
| Date of publication, distribution, etc. | 1993 |
| 300 ## - PHYSICAL DESCRIPTION | |
| Extent | 925 |
| 546 ## - LANGUAGE NOTE | |
| Language note | ENGLISH |
| 654 ## - SUBJECT ADDED ENTRY--FACETED TOPICAL TERMS | |
| Focus term | Vijay mukhis clipper 5.01/87 test |
| 942 ## - ADDED ENTRY ELEMENTS (KOHA) | |
| Koha item type | BOOK |
| Withdrawn status | Lost status | Damaged status | Not for loan | Collection | Home library | Current library | Date acquired | Source of acquisition | Cost, normal purchase price | Inventory number | Total Checkouts | Full call number | Barcode | Date last seen | Cost, replacement price | Price effective from | Koha item type |
|---|---|---|---|---|---|---|---|---|---|---|---|---|---|---|---|---|---|
| CRC | Fr. Agnel's C.Rodrigues College of Engineering | Fr. Agnel's C.Rodrigues College of Engineering | 17/03/2023 | Progressive Books | 45.00 | 3079 dt 22.10.93 | 5.1 | 4939 | 17/03/2023 | 45.00 | 22/10/1993 | BOOK |